Normal view
MARC view
- Sands, Philippe,
Entry Personal Name
001 - CONTROL NUMBER
- control field: 1683
003 - CONTROL NUMBER IDENTIFIER
- control field: KE-NaSUL
005 - DATE AND TIME OF LATEST TRANSACTION
- control field: 20241121132908.0
008 - FIXED-LENGTH DATA ELEMENTS
- fixed length control field: 241121|| aca||aabn | a|a d
040 ## - CATALOGING SOURCE
- Original cataloging agency: KE-NaSUL
- Transcribing agency: KE-NaSUL
100 ## - HEADING--PERSONAL NAME
- Personal name: Sands, Philippe,
- Dates associated with a name: 1960-
670 ## - SOURCE DATA FOUND
- Source citation: Work cat.: (KE-NaSUL)317784: Sands, Philippe, 1960- author., Principles of international environmental law /, 2018.